header

1001 beds (Record no. 231530)

MARC details
000 -LEADER
fixed length control field 01516nam a22004094a 4500
082 04 - DEWEY DECIMAL CLASSIFICATION NUMBER
Classification number 700.92
-- B
100 1# - MAIN ENTRY--AUTHOR NAME
Personal name Miller, Tim,
245 10 - TITLE STATEMENT
Title 1001 beds
260 ## - PUBLICATION, DISTRIBUTION, ETC. (IMPRINT)
Place of publication Madison :
Name of publisher University of Wisconsin Press,
Year of publication c2006.
300 ## - PHYSICAL DESCRIPTION
Number of Pages xxxi, 277 p. :
Other physical details ill.
490 1# - SERIES STATEMENT
Series statement Living out
650 #0 - SUBJECT ADDED ENTRY--TOPICAL TERM
Topical Term Gay men
Topical Term Performance artists
700 1# - ADDED ENTRY--PERSONAL NAME
Personal name Johnson, Glen.
856 40 - ELECTRONIC LOCATION AND ACCESS
Uniform Resource Identifier http://site.ebrary.com/lib/rucke/Doc?id=10217055

No items available.

© 2026 Rongo University
Contact us: librarian | system librarian | Rongo university